01619nam a2200265 a 450000100100000000500170001000800410002702000150006804000250008308200170010810000320012524501090015726000320026630000270029849000190032550000520034450000210039650400410041750506810045853400700113965000380120965000480124770000320129583000260132700001082020200929162309.0091012s2005 es ad 001 0 spa d a8474326508 aDO-SdBNPbspacBNPHU a302.2bM298n1 aMirabito, Michael M.d1956-14aLas nuevas tecnologías de la comunicación /cMichael M. A. Mirabito ; traductor José A. Álvarez. aBarcelona :bGedisa,c2005. a415 p. :bil., gráf.1 aMultimediav14 aCon la contribuciones de Barbara L. Morgenstern aIncluye índice aIncluye referencias bibliográficas2 aPrefacio -- Introducción -- Público -- Agradecimientos -- Declinación de responsabilidad -- La comunicación en la época moderna -- Bases técnicas de la comunicaciones modernas -- Introducción a la teclogía computacional -- Almacenamiento, recuperación y comunicación de la información -- La tecnología de las fibras ópticas -- Satélites -- La autoedición -- Los medios personales: la multimedia y el vídeo de escritorio --La tecnelogía computacional en las industrias de la radio y la televisión -- Servicios de información : el teletexto y los sistema interactivos -- Las teleconferencias -- Glosario -- Epílogo -- índice temático. pTítulo original en ingléstThe new communications tecnologues 4aMedios de comunicación de masas 4aComunicaciónxInnovaciones tecnológicas1 aÁlvarez, José A.etrad. 0aGedisa Multimediav14